[Event "27th CRO-Cup"]
[Site "Mali Losinj"]
[Date "2018.05.20"]
[Round "6.41"]
[White "Jovanovic, Zoran"]
[Black "Nemeth, Miklos"]
[Result "1/2-1/2"]
[WhiteElo "2551"]
[BlackElo "2491"]
[PlyCount "65"]
[EventDate "2018.05.16"]

1. e4 e5 2. Nf3 Nc6 3. Bb5 a6 4. Ba4 Nf6 5. O-O Be7 6. Re1 b5 7. Bb3 d6 8. a4
b4 9. d4 Bg4 10. dxe5 Nxe5 11. Nbd2 O-O 12. h3 Bxf3 13. Nxf3 Nxf3+ 14. Qxf3 Nd7
15. Bc4 a5 16. Bf4 Bf6 17. Rab1 Qe7 18. Bb5 Ne5 19. Qe2 Ng6 20. Bd2 Be5 21. g3
c6 22. Bxc6 Rac8 23. Bd5 Rxc2 24. Bb3 Rxb2 25. Rxb2 Bxb2 26. Bxb4 axb4 27. Qxb2
Ne5 28. Re3 Qa7 29. Kg2 Rc8 30. Qd2 Qb6 31. Qd5 h6 32. a5 Qa6 33. Qd2 1/2-1/2

[Event "27th CRO-Cup"]
[Site "Mali Losinj"]
[Date "2018.05.20"]
[Round "6.42"]
[White "Krstic, Uros"]
[Black "Pikula, Dejan"]
[Result "1/2-1/2"]
[WhiteElo "2377"]
[BlackElo "2470"]
[PlyCount "89"]
[EventDate "2018.05.16"]

1. e4 d6 2. d3 c5 3. f4 g6 4. Nf3 Bg7 5. Be2 Nc6 6. O-O e6 7. c3 Nge7 8. a4 O-O
9. Na3 b6 10. Qe1 f5 11. Nc4 h6 12. Qh4 Ba6 13. exf5 exf5 14. Bd2 Qd7 15. Rae1
Rae8 16. Bd1 Bxc4 17. dxc4 Kh8 18. Qg3 Kh7 19. Nh4 Rf6 20. Qd3 Ng8 21. Bf3 Rxe1
22. Rxe1 Nce7 23. b3 Re6 24. g3 Nf6 25. Ng2 Rxe1+ 26. Bxe1 Qe6 27. Ne3 h5 28.
Kf1 Ne4 29. Ke2 Ng8 30. Qd5 Qe7 31. Bxe4 fxe4 32. f5 Nh6 33. h3 Qg5 34. fxg6+
Qxg6 35. Ng2 Qf5 36. Qxf5+ Nxf5 37. Nf4 h4 38. g4 Ng3+ 39. Bxg3 hxg3 40. Ng2
Bh6 41. Nh4 Bf4 42. Nf5 Kg6 43. h4 Kf6 44. Ne3 Bxe3 45. Kxe3 1/2-1/2

[Event "27th CRO-Cup"]
[Site "Mali Losinj"]
[Date "2018.05.20"]
[Round "6.43"]
[White "Djurovic, Goran"]
[Black "Trbojevic, Mladen"]
[Result "1-0"]
[WhiteElo "2394"]
[BlackElo "2343"]
[PlyCount "119"]
[EventDate "2018.05.16"]

1. g3 Nf6 2. Bg2 d5 3. d3 e5 4. Nf3 Bd6 5. O-O O-O 6. c4 dxc4 7. dxc4 c6 8. Nc3
Qc7 9. Qc2 h6 10. a3 a5 11. Na4 Na6 12. c5 Be7 13. Rb1 Bg4 14. h3 Be6 15. e4
Nd7 16. Be3 Rad8 17. b4 axb4 18. axb4 Kh8 19. Nd2 f5 20. exf5 Bxf5 21. Ne4 Nf6
22. g4 Bh7 23. b5 cxb5 24. Rxb5 Qc6 25. Nac3 Nxc5 26. Nxc5 Bxc2 27. Bxc6 bxc6
28. Rb6 Rc8 29. Rb2 Bg6 30. Rd1 Rfd8 31. Rxd8+ Rxd8 32. Rb7 Bxc5 33. Bxc5 Rd3
34. Ne2 Kg8 35. Rb8+ Kf7 36. Rb7+ Nd7 37. Nd4 Rd1+ 38. Kh2 Ke8 39. Ne6 Nxc5 40.
Nxc5 Bf7 41. Rc7 g5 42. Rc8+ Ke7 43. Rc7+ Kf8 44. Nd7+ Ke8 45. Nf6+ Kf8 46.
Rxc6 Ke7 47. Rb6 Re1 48. f3 Re3 49. Kg2 Re2+ 50. Kg1 Re3 51. Ne4 Rxf3 52. Rxh6
Bd5 53. Rh7+ Kf8 54. Nxg5 Rg3+ 55. Kf2 Rg2+ 56. Kf1 Rd2 57. Rc7 e4 58. Nh7+ Ke8
59. Nf6+ Kd8 60. Rd7+ 1-0

[Event "27th CRO-Cup"]
[Site "Mali Losinj"]
[Date "2018.05.20"]
[Round "6.51"]
[White "Biti, Ozren"]
[Black "Feletar, Darko"]
[Result "1/2-1/2"]
[WhiteElo "2362"]
[BlackElo "2365"]
[PlyCount "21"]
[EventDate "2018.05.16"]

1. e4 e5 2. Nf3 Nf6 3. Nxe5 d6 4. Nf3 Nxe4 5. d3 Nf6 6. d4 d5 7. Bd3 Bd6 8. O-O
O-O 9. Bg5 Bg4 10. Nbd2 Nbd7 11. c3 1/2-1/2

[Event "27th CRO-Cup"]
[Site "Mali Losinj"]
[Date "2018.05.20"]
[Round "6.53"]
[White "Filipovic, Marko"]
[Black "Susnjar, Miroslav"]
[Result "1/2-1/2"]
[WhiteElo "2327"]
[BlackElo "2154"]
[PlyCount "87"]
[EventDate "2018.05.16"]

1. d4 Nf6 2. c4 c5 3. d5 d6 4. Nc3 g6 5. e4 Bg7 6. f3 O-O 7. Bg5 h6 8. Be3 e6
9. Qd2 exd5 10. cxd5 h5 11. Bh6 Nbd7 12. Nh3 Ne5 13. Nf2 a6 14. a4 Qa5 15. Bxg7
Kxg7 16. Ra3 Qd8 17. Be2 Rb8 18. O-O Qe7 19. h3 Re8 20. Nfd1 Ned7 21. Ne3 b6
22. Rb1 Ne5 23. b4 Qc7 24. Rab3 c4 25. Ra3 b5 26. axb5 axb5 27. Ra5 Bd7 28. f4
Nd3 29. Bxd3 cxd3 30. Qxd3 Qb6 31. Re1 Re7 32. Kh2 Rbe8 33. Ned1 Bf5 34. Rxb5
Qa7 35. Ra5 Qb6 36. Rb5 Qa7 37. Qe3 Qxe3 38. Rxe3 Bxe4 39. Rb6 Bxd5 40. Rxe7
Rxe7 41. Rxd6 Bb7 42. Rd4 h4 43. f5 g5 44. Nf2 1/2-1/2

[Event "27th CRO-Cup"]
[Site "Mali Losinj"]
[Date "2018.05.20"]
[Round "6.54"]
[White "Drmic, Bozo"]
[Black "Vargic, Drago"]
[Result "0-1"]
[WhiteElo "2028"]
[BlackElo "2283"]
[PlyCount "72"]
[EventDate "2018.05.16"]

1. e4 e6 2. d4 d5 3. Nd2 Nf6 4. e5 Nfd7 5. f4 c5 6. Ndf3 Nc6 7. Ne2 Be7 8. c3
a6 9. Qc2 b5 10. g3 Bb7 11. Bg2 Rc8 12. a3 b4 13. Qd1 Qb6 14. O-O g6 15. Kh1 a5
16. g4 h5 17. f5 hxg4 18. fxe6 fxe6 19. Ng5 Nf8 20. Nf7 Rh7 21. Nh6 cxd4 22.
cxd4 Ba6 23. Nxg4 Rh4 24. h3 Nh7 25. Be3 Kd7 26. Rf7 Rh8 27. Ng1 Ke8 28. Rg7
Nf8 29. Qf3 Kd8 30. Rd1 bxa3 31. bxa3 Qb3 32. Rc1 Bc4 33. Ne2 Rxg4 34. Qxg4
Qxe3 35. Rxc4 dxc4 36. Bxc6 Rh4 0-1

[Event "27th CRO-Cup"]
[Site "Mali Losinj"]
[Date "2018.05.20"]
[Round "6.62"]
[White "Rubil, Marko"]
[Black "Safar, Sandro"]
[Result "0-1"]
[WhiteElo "2227"]
[BlackElo "2235"]
[PlyCount "138"]
[EventDate "2018.05.16"]

1. e4 c5 2. Nf3 Nc6 3. d4 cxd4 4. Nxd4 g6 5. c4 Bg7 6. Be3 d6 7. Be2 Nf6 8. Nc3
Bd7 9. O-O O-O 10. Qd2 Nxd4 11. Bxd4 Bc6 12. Bd3 e5 13. Be3 Ng4 14. Bg5 f6 15.
Bh4 Qb6 16. Kh1 Rae8 17. f3 Nh6 18. Bf2 Qd8 19. b4 b6 20. Be3 Nf7 21. Bc2 Qe7
22. a4 Rb8 23. b5 Bd7 24. a5 Be6 25. Nd5 Bxd5 26. Qxd5 Kh8 27. axb6 axb6 28.
Ra6 Qc7 29. Rfa1 Rb7 30. Ra8 Nd8 31. R1a6 h5 32. Ra1 Rf7 33. Bb3 Kh7 34. Rd1
Bf8 35. Ra6 Rg7 36. f4 exf4 37. Bxf4 Nf7 38. Qd2 Be7 39. Ra8 Ra7 40. Ra1 Rxa1+
41. Rxa1 Qb7 42. Re1 Qa8 43. h3 Qa3 44. Rb1 Bd8 45. Be3 Qa8 46. Qd4 Ne5 47. Ra1
Qb7 48. Ra6 g5 49. Bd2 Bc7 50. Bc2 h4 51. Qf2 Qc8 52. Qxf6 Rf7 53. Qxg5 Rf1+
54. Kh2 d5 55. exd5+ Nd3+ 56. d6 Bxd6+ 57. g3 hxg3+ 58. Kg2 Qb7+ 59. Qd5 Qxd5+
60. cxd5 Rf2+ 61. Kg1 Rxd2 62. Bxd3+ Rxd3 63. Ra2 Rxd5 64. Rb2 Kg6 65. Kg2 Kh5
66. Kg1 Kh4 67. Kg2 Rf5 68. Kh1 Rf1+ 69. Kg2 Rf2+ 0-1

[Event "27th CRO-Cup"]
[Site "Mali Losinj"]
[Date "2018.05.20"]
[Round "6.63"]
[White "Tomulic, Teo"]
[Black "Matanovic, Luka"]
[Result "0-1"]
[WhiteElo "2273"]
[BlackElo "2189"]
[PlyCount "150"]
[EventDate "2018.05.16"]

1. e4 e5 2. Nf3 Nc6 3. Bb5 a6 4. Ba4 Nf6 5. O-O b5 6. Bb3 Be7 7. Re1 d6 8. c3
O-O 9. h3 Na5 10. Bc2 c5 11. d4 Qc7 12. Nbd2 Nc6 13. d5 Nd8 14. Nf1 Ne8 15. g4
g6 16. Ng3 Ng7 17. Kh2 f6 18. Be3 Nf7 19. Rg1 Bd7 20. Qd2 Kh8 21. Rg2 Rg8 22.
Rag1 Raf8 23. Ne1 c4 24. Qe2 Qb7 25. f4 exf4 26. Bxf4 Bd8 27. Nf3 Bb6 28. Rf1
Qc8 29. Nd4 Ne5 30. Bh6 Nf7 31. Qd2 Nxh6 32. Qxh6 Qe8 33. Rgf2 Qe5 34. g5 Nh5
35. Rg2 Nf4 36. Nf3 Qe8 37. gxf6 Rxf6 38. Ng5 Rg7 39. Rd2 Be3 40. Rdd1 Nxh3 41.
Nh5 Qe5+ 42. Kh1 Rxf1+ 43. Rxf1 Bxg5 44. Qxg7+ Qxg7 45. Nxg7 Kxg7 46. a4 bxa4
47. Ra1 Nf2+ 48. Kg2 Nd3 49. Bxa4 Bxa4 50. Rxa4 Nxb2 51. Rxa6 Bf4 52. Rb6 Na4
53. Rb4 Nxc3 54. Rxc4 Be5 55. Rc7+ Kf6 56. Rxh7 Nxe4 57. Ra7 Kf5 58. Ra4 g5 59.
Ra8 Nf6 60. Ra5 Ke4 61. Kh3 g4+ 62. Kh4 g3 63. Kh3 Nxd5 64. Kg2 Ne3+ 65. Kg1 d5
66. Ra8 d4 67. Ra4 Bd6 68. Kh1 Kd5 69. Ra5+ Bc5 70. Ra2 d3 71. Kg1 Bb4 72. Kh1
d2 73. Ra1 d1=Q+ 74. Rxd1+ Nxd1 75. Kg2 Bd6 0-1

[Event "27th CRO-Cup"]
[Site "Mali Losinj"]
[Date "2018.05.20"]
[Round "6.71"]
[White "Fercec, Nenad"]
[Black "Pavic, Filip"]
[Result "1-0"]
[WhiteElo "2451"]
[BlackElo "2233"]
[PlyCount "95"]
[EventDate "2018.05.16"]

1. e4 c5 2. Nf3 d6 3. d4 cxd4 4. Nxd4 Nf6 5. Nc3 a6 6. Bg5 Nbd7 7. Qe2 g6 8.
O-O-O Bg7 9. h4 b5 10. Nc6 Qc7 11. Nxe7 h6 12. Bxf6 Nxf6 13. Ned5 Nxd5 14. Nxd5
Qa5 15. Kb1 Be6 16. Qd2 Qxd2 17. Rxd2 Bxd5 18. Rxd5 Ke7 19. Be2 Rhc8 20. Rhd1
Rc6 21. c3 Rb8 22. a3 Rbb6 23. f4 Rc5 24. Ka2 Rxd5 25. Rxd5 Kd7 26. h5 Bf6 27.
g3 Kc7 28. Bd1 Kd7 29. a4 bxa4 30. Bxa4+ Ke7 31. Ra5 g5 32. Bd1 gxf4 33. gxf4
Bh4 34. Be2 Bg3 35. Bxa6 Bxf4 36. Bc4 f6 37. Ra7+ Kd8 38. Bd5 Bd2 39. Rf7 Bg5
40. b4 Kc8 41. Kb3 Kb8 42. Kc4 Kc8 43. b5 Kd8 44. Bc6 Rb8 45. Kd5 Rb6 46. Kxd6
Bf4+ 47. Kd5 Be5 48. c4 1-0

[Event "27th CRO-Cup"]
[Site "Mali Losinj"]
[Date "2018.05.20"]
[Round "6.72"]
[White "Radenic, Filip"]
[Black "Zufic, Miroslav"]
[Result "1/2-1/2"]
[WhiteElo "2177"]
[BlackElo "2374"]
[PlyCount "44"]
[EventDate "2018.05.16"]

1. Nf3 Nf6 2. c4 e6 3. g3 d5 4. Bg2 Be7 5. O-O O-O 6. d4 dxc4 7. Ne5 c5 8. dxc5
Qc7 9. Nxc4 Qxc5 10. b3 Rd8 11. Nbd2 Nc6 12. Ba3 Qh5 13. Bxc6 Bxa3 14. Bf3 Qc5
15. Nxa3 Qxa3 16. Qc2 Qe7 17. Rfd1 e5 18. Ne4 Bf5 19. Nxf6+ Qxf6 20. Be4 Bxe4
21. Qxe4 Qe7 22. Rac1 g6 1/2-1/2

[Event "27th CRO-Cup"]
[Site "Mali Losinj"]
[Date "2018.05.20"]
[Round "6.73"]
[White "Krsnik Cohar, Ivan Vihor"]
[Black "Nemec, Vjekoslav"]
[Result "1/2-1/2"]
[WhiteElo "2321"]
[BlackElo "2202"]
[PlyCount "200"]
[EventDate "2018.05.16"]

1. c4 e5 2. g3 Nf6 3. Nc3 d5 4. cxd5 Nxd5 5. Bg2 Nb6 6. Nf3 Nc6 7. O-O Be7 8.
a3 Be6 9. b4 f6 10. Rb1 O-O 11. d3 Nd4 12. Nxd4 exd4 13. Ne4 Bd5 14. Bh3 f5 15.
Nd2 a5 16. b5 a4 17. Bb2 Be6 18. Nf3 Bf6 19. Qc2 Qd7 20. Qc5 Rfd8 21. Rbc1 Ra5
22. Qxc7 Qxc7 23. Rxc7 Rxb5 24. Ba1 Nd5 25. Rcc1 Ne7 26. Rb1 Rb3 27. Bb2 Nc6
28. Rfc1 Be7 29. Nd2 Rxb2 30. Rxb2 Bxa3 31. Rxc6 bxc6 32. Rb6 Bd7 33. Nc4 Bf8
34. Ra6 c5 35. Nb6 g6 36. Nxd7 Rxd7 37. Rxa4 Kf7 38. Bg2 Be7 39. Ra5 g5 40. Bc6
Rc7 41. Bd5+ Kg7 42. Ra6 Bf6 43. Kg2 Be7 44. Be6 Kg6 45. h3 Bf6 46. Rd6 Be5 47.
Ra6 Bf6 48. Kf3 h5 49. Rd6 g4+ 50. Kg2 Be5 51. Ra6 Bf6 52. f3 gxh3+ 53. Kxh3 h4
54. gxh4 Rh7 55. f4 Rxh4+ 56. Kg3 Rh1 57. Rc6 Rc1 58. Bc4 Rg1+ 59. Kf2 Rg4 60.
Kf3 Rg1 61. Rxc5 Bh4 62. e4 dxe3 63. Rc6+ Kg7 64. Be6 Rf1+ 65. Kxe3 Bg3 66.
Bxf5 Bxf4+ 67. Ke4 Bh2 68. Rg6+ Kf7 69. Rg2 Rf4+ 70. Ke3 Rxf5 71. Rxh2 Ke6 72.
Kd4 Rg5 73. Kc4 Kd6 74. Rh6+ Kd7 75. d4 Kc7 76. Ra6 Rh5 77. Ra7+ Kd6 78. Rg7
Kc6 79. Rf7 Kd6 80. Ra7 Kc6 81. Ra8 Kd6 82. Rd8+ Kc7 83. Rg8 Kd6 84. Rg7 Kc6
85. Rg6+ Kd7 86. Rb6 Kc7 87. Ra6 Kd7 88. Ra8 Kd6 89. Re8 Kd7 90. Rf8 Kd6 91.
Rf4 Kc6 92. Kd3 Kd5 93. Rf3 Rg5 94. Rh3 Rf5 95. Ke3 Rg5 96. Rh8 Rg3+ 97. Kf4
Rg6 98. Rd8+ Rd6 99. Rxd6+ Kxd6 100. Ke4 Ke6 1/2-1/2

[Event "27th CRO-Cup"]
[Site "Mali Losinj"]
[Date "2018.05.20"]
[Round "6.74"]
[White "Pavic, Jakov"]
[Black "Valkovic, Kristian"]
[Result "1-0"]
[WhiteElo "2164"]
[BlackElo "2078"]
[PlyCount "83"]
[EventDate "2018.05.16"]

1. d4 d5 2. c4 c6 3. cxd5 cxd5 4. Nc3 Nf6 5. Bf4 Qb6 6. Rc1 Nc6 7. e3 a6 8. Qd2
e6 9. Bd3 Bd7 10. Nf3 Rc8 11. O-O Bb4 12. a3 Bxc3 13. Rxc3 Ne7 14. Rfc1 Rxc3
15. Rxc3 Bc6 16. Bd6 Qd8 17. Bc5 Ne4 18. Bxe4 dxe4 19. Bxe7 Kxe7 20. Ne5 Qd5
21. Rc5 Qb3 22. Rc3 Qd5 23. Rc4 Rd8 24. Qc2 Rd6 25. b4 Qb5 26. Rc5 Qb6 27. Nc4
Qd8 28. Nxd6 Qxd6 29. a4 Kf6 30. Qb2 Bd5 31. b5 axb5 32. Qxb5 Kg6 33. a5 Qd8
34. Qb6 Qd7 35. h4 f6 36. Qc7 Qa4 37. Qg3+ Kh6 38. Rc7 Qd1+ 39. Kh2 g5 40.
hxg5+ fxg5 41. Qh3+ Kg6 42. Qxh7+ 1-0

[Event "27th CRO-Cup"]
[Site "Mali Losinj"]
[Date "2018.05.20"]
[Round "6.81"]
[White "Bodiroga, Predrag"]
[Black "Livaic, Leon"]
[Result "1/2-1/2"]
[WhiteElo "2332"]
[BlackElo "2497"]
[PlyCount "115"]
[EventDate "2018.05.16"]

1. d4 Nf6 2. Nf3 e6 3. e3 b6 4. Bd3 Bb7 5. O-O d5 6. b3 Bd6 7. Bb2 O-O 8. Nbd2
c5 9. c4 Nc6 10. Rc1 Qe7 11. Qe2 cxd4 12. exd4 Rfd8 13. Rfd1 Rac8 14. Ne5 dxc4
15. bxc4 Ba3 16. Ndf3 Bxb2 17. Qxb2 Nxe5 18. Nxe5 Nd7 19. Nxd7 Rxd7 20. Bf1
Rcd8 21. Rd2 Qf6 22. Rcd1 Bc6 23. Qa3 Rxd4 24. Rxd4 Rxd4 25. Rxd4 Qxd4 26. Qxa7
g6 27. Qa3 Kg7 28. Qb4 e5 29. a3 h5 30. h4 Be4 31. Qb3 Bf5 32. Be2 Be6 33. Qb4
Kf6 34. a4 Qc5 35. Qxc5 bxc5 36. a5 Bc8 37. Bf3 Kf5 38. Bd5 f6 39. Bc6 g5 40.
hxg5 fxg5 41. Bb5 Ke6 42. a6 Kd6 43. a7 Bb7 44. Be8 Kc7 45. Bxh5 Kb6 46. f3
Kxa7 47. Kf2 Kb6 48. Ke3 Ka5 49. Bf7 Kb4 50. Bd5 Ba6 51. Kd3 Kb3 52. g3 Kb4 53.
Ke4 Bxc4 54. Bxc4 Kxc4 55. Kxe5 Kd3 56. f4 gxf4 57. gxf4 c4 58. f5 1/2-1/2

[Event "27th CRO-Cup"]
[Site "Mali Losinj"]
[Date "2018.05.20"]
[Round "6.82"]
[White "Blazeka, Matej"]
[Black "Santa, Robert"]
[Result "1-0"]
[WhiteElo "2312"]
[BlackElo "2174"]
[PlyCount "57"]
[EventDate "2018.05.16"]

1. e4 c5 2. Nf3 Nc6 3. Bb5 a6 4. Bxc6 dxc6 5. h3 g6 6. d3 Bg7 7. Nc3 e5 8. Be3
b6 9. a3 a5 10. Na4 Rb8 11. Rb1 Ne7 12. Qd2 O-O 13. b4 cxb4 14. axb4 axb4 15.
Qxb4 b5 16. Nc5 h6 17. d4 exd4 18. Bxd4 Re8 19. Bxg7 Kxg7 20. Qc3+ Kg8 21. O-O
Qb6 22. Ne5 Ra8 23. Ned7 Bxd7 24. Nxd7 b4 25. Nxb6 bxc3 26. Nxa8 Rxa8 27. Rb3
Ra4 28. Re1 Rc4 29. Re3 1-0

[Event "27th CRO-Cup"]
[Site "Mali Losinj"]
[Date "2018.05.20"]
[Round "6.83"]
[White "Komljenovic, Tihomir"]
[Black "Brumen, Dinko"]
[Result "1/2-1/2"]
[WhiteElo "2041"]
[BlackElo "2319"]
[PlyCount "75"]
[EventDate "2018.05.16"]

1. e4 e6 2. d4 d5 3. exd5 exd5 4. Bd3 Bd6 5. Nf3 Ne7 6. O-O Nd7 7. Bg5 Nf8 8.
Re1 Bg4 9. Nbd2 Ne6 10. Bxe7 Bxe7 11. c3 Qd6 12. Qc2 O-O-O 13. b4 Kb8 14. b5
Nf4 15. Bf5 h5 16. Ne5 Qf6 17. Bd3 Bd6 18. Bf1 Bxe5 19. Rxe5 h4 20. f3 Bc8 21.
a4 Rhe8 22. Rae1 Rxe5 23. Rxe5 g5 24. h3 Qg7 25. Qb1 f5 26. Qd1 Qf8 27. Nb3 b6
28. a5 Qa3 29. axb6 axb6 30. Nc1 Rg8 31. Nd3 Nxd3 32. Bxd3 g4 33. fxg4 fxg4 34.
hxg4 Rxg4 35. Re8 h3 36. Rxc8+ Ka7 37. g3 Qb2 38. Rxc7+ 1/2-1/2

[Event "27th CRO-Cup"]
[Site "Mali Losinj"]
[Date "2018.05.20"]
[Round "6.84"]
[White "Tomic, Stjepan"]
[Black "Blaga, Marijan"]
[Result "1-0"]
[WhiteElo "1790"]
[BlackElo "1993"]
[PlyCount "107"]
[EventDate "2018.05.16"]

1. e4 c5 2. Nf3 Nc6 3. d4 cxd4 4. Nxd4 g6 5. c4 Bg7 6. Be3 d6 7. Nc3 Nf6 8. Be2
Bd7 9. f3 a6 10. O-O h5 11. Nd5 Nxd5 12. cxd5 Nxd4 13. Bxd4 O-O 14. Bxg7 Kxg7
15. Qd4+ f6 16. Rac1 Rc8 17. Qa7 Rxc1 18. Rxc1 Bc8 19. b4 f5 20. Qd4+ Kf7 21.
a4 Bd7 22. a5 Qb8 23. Qe3 Rc8 24. Rxc8 Qxc8 25. Qh6 Qc3 26. Qh7+ Qg7 27. Qxg7+
Kxg7 28. Kf2 f4 29. Bc4 Kf6 30. Ke2 g5 31. h3 Ke5 32. Kd3 Ba4 33. Kc3 Bd7 34.
Be2 Ba4 35. Bc4 Bd7 36. Be2 Be8 37. Bc4 g4 38. h4 gxf3 39. gxf3 Bd7 40. Bf1 Ba4
41. Be2 Be8 42. Bc4 Bd7 43. Bf1 Bc8 44. b5 axb5 45. Bxb5 e6 46. dxe6 Bxe6 47.
Be8 d5 48. exd5 Bxd5 49. Bxh5 Bg8 50. Bg4 Bd5 51. h5 Kf6 52. Kd4 Bc6 53. Kc5
Kg5 54. a6 1-0

[Event "27th CRO-Cup"]
[Site "Mali Losinj"]
[Date "2018.05.20"]
[Round "6.91"]
[White "Popovic, Ivo"]
[Black "Skuhala, Jernej"]
[Result "0-1"]
[WhiteElo "2142"]
[BlackElo "2302"]
[PlyCount "126"]
[EventDate "2018.05.16"]

1. e4 c5 2. Nf3 d6 3. d4 cxd4 4. Nxd4 Nf6 5. Nc3 a6 6. g3 g6 7. Bg2 Bg7 8. O-O
O-O 9. h3 Qc7 10. Nd5 Nxd5 11. exd5 Nd7 12. c3 Nf6 13. Re1 Re8 14. Qb3 Bd7 15.
Bf4 Rab8 16. Rad1 h6 17. g4 Qc8 18. Bg3 Kh7 19. Re3 Qc5 20. Rde1 Bf8 21. Bh4
Qa5 22. Bxf6 exf6 23. Rxe8 Bxe8 24. Nc6 Qc7 25. Nxb8 Qxb8 26. Qb6 Bd7 27. Re4
f5 28. Rb4 Qe8 29. Qe3 Qc8 30. Bf3 a5 31. Rd4 Bg7 32. Rd1 fxg4 33. hxg4 Bxg4
34. Qf4 Bxf3 35. Qxf3 Qd7 36. Re1 Kg8 37. Re4 Be5 38. Kg2 Kg7 39. Qh3 Qb5 40.
c4 Qxb2 41. Qb3 Qxb3 42. axb3 f5 43. Re2 b6 44. Kf3 g5 45. Kg2 h5 46. f3 g4 47.
Rf2 f4 48. Re2 Kf6 49. Re1 Kg5 50. Rh1 h4 51. fxg4 Kxg4 52. Rh3 Bd4 53. Rf3 Be3
54. Rh3 Bf2 55. Rf3 Bg3 56. Rf1 h3+ 57. Kh1 f3 58. Rd1 f2 59. b4 axb4 60. c5
dxc5 61. d6 b3 62. d7 Bc7 63. d8=Q Bxd8 0-1

[Event "27th CRO-Cup"]
[Site "Mali Losinj"]
[Date "2018.05.20"]
[Round "6.92"]
[White "Novak, Ivan"]
[Black "Miskovic, Bozo"]
[Result "1/2-1/2"]
[WhiteElo "2202"]
[BlackElo "2027"]
[PlyCount "61"]
[EventDate "2018.05.16"]

1. d4 c6 2. c4 g6 3. Nf3 Bg7 4. Nc3 d6 5. h3 Na6 6. e4 c5 7. d5 Nf6 8. Be2 Nd7
9. O-O O-O 10. Be3 Nc7 11. Qd2 f6 12. Ne1 Qe8 13. f4 Kh8 14. Nd3 Rg8 15. Rae1
Bh6 16. e5 f5 17. Bd1 Qd8 18. Bf2 dxe5 19. Nxe5 Nxe5 20. Rxe5 Bg7 21. Qe2 b6
22. Rxe7 Bf6 23. Re3 Re8 24. Qd3 Rxe3 25. Bxe3 Ne8 26. a3 Ba6 27. b4 cxb4 28.
Na2 Nd6 29. Bb3 bxa3 30. Nb4 Bb7 31. Nc2 1/2-1/2

[Event "27th CRO-Cup"]
[Site "Mali Losinj"]
[Date "2018.05.20"]
[Round "6.93"]
[White "Cecuk, Marijo"]
[Black "Havas, Janko"]
[Result "0-1"]
[WhiteElo "2037"]
[BlackElo "2224"]
[PlyCount "126"]
[EventDate "2018.05.16"]

1. d4 Nf6 2. Nf3 g6 3. c4 Bg7 4. g3 O-O 5. Bg2 d6 6. O-O Nc6 7. Nc3 a6 8. d5
Na5 9. Nd2 c5 10. Qc2 Rb8 11. Rb1 Bh6 12. Qd3 Ng4 13. Nf3 Bg7 14. Bd2 b5 15. b3
Bd7 16. h3 Nf6 17. e4 Qc7 18. Rfe1 bxc4 19. bxc4 Rb4 20. e5 Bf5 21. Qe3 dxe5
22. Nxe5 Bxb1 23. Nxb1 Rb2 24. Nc3 Nd7 25. Nxd7 Qxd7 26. Qd3 Bd4 27. Be3 Bxe3
28. Qxe3 Nxc4 29. Qxc5 Nd6 30. Qe3 Rc8 31. g4 Rc2 32. Ne2 Nc4 33. Qe4 Nd6 34.
Qe5 Qa7 35. h4 Nc4 36. Qf4 Qc7 37. Qxc7 Rxc7 38. Nd4 Rxa2 39. Nc6 Kf8 40. Bf1
Nd2 41. Bg2 Ra4 42. Re2 Nc4 43. Kh2 Nd6 44. Bf3 h5 45. Kg3 hxg4 46. Bxg4 Ra3+
47. Kf4 Ra4+ 48. Kg3 Ne4+ 49. Kh3 Nf6 50. Bf3 Ra3 51. Kg2 Rxf3 52. Kxf3 Nxd5
53. Rc2 e6 54. Ke4 Ne7 55. Nb4 Rxc2 56. Nxc2 Nf5 57. Kd3 Nxh4 58. Nb4 a5 59.
Nc6 a4 60. Kc4 Nf5 61. Kb4 Nd6 62. Kxa4 Ne4 63. f4 Nc5+ 0-1

[Event "27th CRO-Cup"]
[Site "Mali Losinj"]
[Date "2018.05.20"]
[Round "6.94"]
[White "Havas, Juraj"]
[Black "Saric, Branko"]
[Result "1-0"]
[WhiteElo "2028"]
[BlackElo "1865"]
[PlyCount "156"]
[EventDate "2018.05.16"]

1. d4 e5 2. dxe5 Nc6 3. Nf3 Nge7 4. Bg5 h6 5. Bh4 g5 6. Bg3 Bg7 7. e3 Nf5 8.
Bd3 Nxg3 9. hxg3 Nxe5 10. Nxe5 Bxe5 11. c3 d6 12. Nd2 Be6 13. Nf3 Bg7 14. Nd4
Bd7 15. Qf3 c6 16. O-O-O Qf6 17. Bf5 O-O-O 18. Bxd7+ Rxd7 19. Qxf6 Bxf6 20. Nf5
d5 21. Rxh6 Rxh6 22. Nxh6 Kd8 23. Nf5 Ke8 24. g4 a5 25. Kc2 Rd8 26. e4 Be5 27.
exd5 cxd5 28. Ne3 d4 29. Nc4 Bf6 30. Nxa5 Ra8 31. Nxb7 dxc3 32. Nd6+ Ke7 33.
Ne4 cxb2 34. Nxf6 Kxf6 35. Kxb2 Ke5 36. Rd3 Rb8+ 37. Rb3 Rd8 38. Rb5+ Ke6 39.
Rf5 f6 40. Rc5 Rd2+ 41. Rc2 Rd4 42. Re2+ Kd5 43. f3 Rb4+ 44. Kc2 Rb6 45. Kc3
Kc5 46. a4 Ra6 47. Ra2 Ra5 48. Kb3 Kb6 49. Re2 f5 50. Re6+ Kb7 51. gxf5 Rxf5
52. Re4 Rd5 53. Rg4 Kb6 54. Kb4 Ka6 55. Kc4 Ra5 56. Kd3 Kb6 57. Rb4+ Kc6 58.
Ke2 Kd6 59. Rb5 Rxa4 60. Rxg5 Ke6 61. g4 Kf6 62. Rf5+ Kg6 63. Rd5 Ra1 64. Ke3
Re1+ 65. Kf4 Rb1 66. Rd6+ Kf7 67. g5 Rb4+ 68. Kg3 Kg7 69. f4 Rb3+ 70. Kg4 Rb4
71. Re6 Rb5 72. f5 Rb7 73. Rc6 Ra7 74. Kh5 Kh7 75. g6+ Kg7 76. Kg5 Ra5 77. Rc7+
Kg8 78. Kh6 Ra1 1-0

[Event "27th CRO-Cup"]
[Site "Mali Losinj"]
[Date "2018.05.20"]
[Round "6.101"]
[White "Rosic, Slavko S"]
[Black "Bogut, Zeljko"]
[Result "1-0"]
[WhiteElo "2224"]
[BlackElo "2416"]
[PlyCount "99"]
[EventDate "2018.05.16"]

1. e4 c5 2. Nf3 d6 3. d4 cxd4 4. Nxd4 Nf6 5. Nc3 a6 6. Bg5 e6 7. h3 Be7 8. Qd2
Qc7 9. O-O-O b5 10. Bxb5+ axb5 11. Ndxb5 Qc6 12. Nxd6+ Qxd6 13. Qxd6 Bxd6 14.
Rxd6 h6 15. Be3 Nbd7 16. Rhd1 Bb7 17. f3 Ke7 18. b3 Rhc8 19. Kb2 Rc6 20. Nb5
Raa6 21. Rxc6 Rxc6 22. a4 Ba6 23. c4 g5 24. Bd2 Nc5 25. Bc3 Nfd7 26. a5 h5 27.
Ka3 g4 28. hxg4 hxg4 29. e5 gxf3 30. gxf3 Rc8 31. Nd6 Rh8 32. b4 Rh3 33. bxc5
Rxf3 34. Kb4 Nb8 35. c6 Nxc6+ 36. Kc5 Nb8 37. Bb4 Rb3 38. Nb5 Bc8 39. Ba3 Ke8
40. Kb6 Bd7 41. Rh1 Kd8 42. Bd6 Nc6 43. Rh8+ Be8 44. a6 Rb1 45. Rxe8+ Kxe8 46.
Kxc6 Rc1 47. a7 Rxc4+ 48. Kb7 Ra4 49. Nc7+ Kd7 50. Na6 1-0

[Event "27th CRO-Cup"]
[Site "Mali Losinj"]
[Date "2018.05.20"]
[Round "6.102"]
[White "Separovic, Tomislav"]
[Black "Ljikar, Zoran"]
[Result "1/2-1/2"]
[WhiteElo "2182"]
[BlackElo "2193"]
[PlyCount "82"]
[EventDate "2018.05.16"]

1. d4 Nf6 2. Nf3 e6 3. c4 c5 4. Nc3 cxd4 5. Nxd4 Nc6 6. a3 Qc7 7. Ndb5 Qb8 8.
e4 a6 9. Nd4 Qc7 10. Be3 Ne5 11. Be2 d6 12. Rc1 Be7 13. O-O O-O 14. f4 Ned7 15.
b4 b6 16. Bf3 Bb7 17. g4 h6 18. h4 Rfe8 19. g5 hxg5 20. hxg5 Nh7 21. g6 Nhf8
22. gxf7+ Kxf7 23. f5 exf5 24. exf5 Nf6 25. Nd5 Bxd5 26. Bxd5+ Nxd5 27. cxd5
Qb7 28. Ne6 Rac8 29. Qh5+ Kg8 30. Qf3 Bf6 31. Rc6 Nd7 32. Bf4 Ne5 33. Bxe5 Bxe5
34. Rfc1 b5 35. Kg2 Rxc6 36. dxc6 Qe7 37. c7 Rc8 38. Rh1 Qf7 39. Qb7 Qd7 40.
Qd5 Qf7 41. Qb7 Qd7 1/2-1/2

[Event "27th CRO-Cup"]
[Site "Mali Losinj"]
[Date "2018.05.20"]
[Round "6.103"]
[White "Lesic, Krunoslav"]
[Black "Ivankovic, Ivo"]
[Result "1-0"]
[WhiteElo "2068"]
[BlackElo "2102"]
[PlyCount "65"]
[EventDate "2018.05.16"]

1. e4 e6 2. d4 d5 3. Nd2 dxe4 4. Nxe4 Bd7 5. Nf3 Bc6 6. Bd3 Nd7 7. O-O Ngf6 8.
Ng3 Be7 9. c3 O-O 10. Re1 b6 11. Bf4 Nd5 12. Bd2 Bb7 13. Bb1 c5 14. Ne5 cxd4
15. cxd4 N7f6 16. a3 Qc7 17. Bd3 Rac8 18. Qe2 Qb8 19. Ne4 Nxe4 20. Qxe4 Nf6 21.
Qh4 Rfd8 22. Bxh7+ Nxh7 23. Qxe7 Rc7 24. Qh4 Qa8 25. Rac1 Rdc8 26. Rxc7 Rxc7
27. Qg3 Rc2 28. Bh6 g5 29. Bxg5 Nxg5 30. Qxg5+ Kf8 31. h4 Be4 32. f3 Bf5 33.
Nd7+ 1-0

[Event "27th CRO-Cup"]
[Site "Mali Losinj"]
[Date "2018.05.20"]
[Round "6.104"]
[White "Bender, Zdenko"]
[Black "Egerc, Josip"]
[Result "0-1"]
[WhiteElo "2047"]
[BlackElo "2066"]
[PlyCount "88"]
[EventDate "2018.05.16"]

1. Nf3 d5 2. c4 c6 3. d4 Nf6 4. Nc3 e6 5. Bg5 h6 6. Bh4 Qb6 7. Qc2 Nbd7 8. c5
Qd8 9. b4 g5 10. Bg3 Nh5 11. a4 f5 12. e3 Nxg3 13. fxg3 Bg7 14. Be2 O-O 15. O-O
g4 16. Ne1 Qg5 17. Qd3 Nf6 18. b5 Bd7 19. a5 cxb5 20. a6 b6 21. cxb6 axb6 22.
Nc2 h5 23. Rfb1 Ne4 24. Nxb5 h4 25. gxh4 Qxh4 26. Rf1 Rf6 27. Bxg4 fxg4 28.
Rxf6 Bxf6 29. Nc7 Ra7 30. g3 Nxg3 31. Qg6+ Bg7 32. hxg3 Qxg3+ 33. Kh1 Qxc7 34.
Rf1 Bb5 35. Rf4 Qe7 36. Qxg4 Bd3 37. Nb4 Bf5 38. Nxd5 Bxg4 39. Nxe7+ Rxe7 40.
Rxg4 Ra7 41. d5 exd5 42. Rg5 Rxa6 43. Rxd5 Ra2 44. Rb5 Rb2 0-1